000
00266nam a2200121 4500
999
_c
12475
_d
12475
003
OSt
005
20240118084307.0
008
231226b ||||| |||| 00| 0 eng d
020
_a
9789881566287
082
_a
725.8042
245
_a
Cultural architecture
942
_2
ddc